Likovi iz "Gorskog vijenca" - Statistics

General Stats
  • This quiz has been taken 221 times
  • The average score is 5 of 42
Answer Stats
Likovi % Correct
Vladika Danilo
87%
Vuk Mandušić
77%
Iguman Stefan
48%
Vuk Mićunović
37%
Knez Rogan
24%
Kolo
21%
Knez Janko
20%
Baba
19%
Vojvoda Batrić
18%
Knez Nikola
14%
Vojvoda Draško
14%
Serdar Vukota
10%
Sestra Batrićeva
10%
Knez Rade
9%
Knez Bajko
8%
Obrad
7%
Pop Mićo
7%
Serdar Ivan Petrović
7%
Tomaš Martinović
7%
Serdar Radonja
6%
Vojvoda Milija
5%
Vojvoda Stanko
5%
Vuk Tomanović
5%
Đaci
3%
Mustaj-kadija
3%
Svat Turčin
3%
Vukota Mrvaljević
3%
Đače
2%
Hadži-ali Medović
2%
Jedan Cuca
2%
Skeder-aga
2%
Vuk Lješevostupac
2%
Arslan-aga Muhadinović
1%
Bogdan Đurašković
1%
Drugi vojnik
1%
Ferat Začir
1%
Janko Đurašković
1%
Jedan vojnik
1%
Ridžal Osman
1%
Svat Crnogorac
1%
Vuk Marković
1%
Vuk Rasplačević
0%
No matching quizzes found
Score Distribution
Percent of People with Each Score
Percentile by Number Answered
Your Score History
You have not taken this quiz